00000000cam 2200000zi 4500
0019.958048
003CaOODSP
00520251208111528
006m     o  d f      
007cr bn|||||||||
008251208e19660427onc     o    f000 0 eng d
040 |aCaOODSP|beng|erda|cCaOODSP
043 |an-cn-on
0861 |aEn58-27/4-66E-PDF
24500|aSeptember and October climatic data for Toronto.
264 1|aToronto, Ontario : |bClimatology Division, Meteorological Branch, Department of Transport, |cApril 27, 1966.
300 |a1 online resource (2 pages).
336 |atext|btxt|2rdacontent
337 |acomputer|bc|2rdamedia
338 |aonline resource|bcr|2rdacarrier
4901 |aCDS ; |v#4-66
500 |aDigitized edition from print [produced by Environment and Climate Change Canada].
650 0|aAtmospheric temperature|zOntario|zToronto.
650 0|aPrecipitation (Meteorology)|zOntario|zToronto.
650 6|aTempérature atmosphérique|zOntario|zToronto.
650 6|aPrécipitations (Météorologie)|zOntario|zToronto.
651 0|aToronto (Ont.)|xClimate.
651 6|aToronto (Ont.)|xClimat.
7101 |aCanada. |bMeteorological Branch, |eissuing body.
830#0|aCDS ;|vno. 4-66.|w(CaOODSP)9.932874
85640|qPDF|s232 KB|uhttps://publications.gc.ca/collections/collection_2025/eccc/en58/En58-27-4-66-eng.pdf